000 00478nam a22001577a 4500
003 macl
005 20190825124235.0
008 190825b xxu||||| |||| 00| 0 eng d
040 _cmacl
082 _a920/DHA
100 _aधामा , तेजपाल
_976370
245 _aदीनदयाल उपध्‍याय
260 _aदिल्‍ली
_bनयी किताब प्रकाशन
_c2018
650 _aजीवनी
_97943
942 _2ddc
_cHIN
999 _c60825
_d60825